Feedlive CD: The feed formulation software

সংরক্ষণ করুন:
গ্রন্থ-পঞ্জীর বিবরন
সংস্থা লেখক: Live Informatics Company
বিন্যাস: গ্রন্থ
ভাষা:Undetermined
প্রকাশিত: Nonthaburi, Thailand Live Informatics Company 2002
বিষয়গুলি:
ট্যাগগুলো: ট্যাগ যুক্ত করুন
কোনো ট্যাগ নেই, প্রথমজন হিসাবে ট্যাগ করুন!
Thư viện lưu trữ: Trung tâm Học liệu Trường Đại học Cần Thơ
LEADER 00585nam a2200217Ia 4500
001 CTU_68105
008 210402s9999 xx 000 0 und d
020 |b 346 
082 |a 636.0852 
082 |b L784 
110 |a Live Informatics Company 
245 0 |a Feedlive CD: 
245 4 |b The feed formulation software 
245 0 |c Live Informatics Company 
260 |a Nonthaburi, Thailand 
260 |b Live Informatics Company 
260 |c 2002 
650 |a Animals 
650 |x Feeding and feeds 
904 |i Minh 
980 |a Trung tâm Học liệu Trường Đại học Cần Thơ